| 000 | 00739nam a22002297a 4500 | ||
|---|---|---|---|
| 003 | OSt | ||
| 005 | 20130514180327.0 | ||
| 008 | 130514s1996 sp ||||| |||| 00| 0 spa d | ||
| 020 | _a8431314443 | ||
| 040 | _cCDMR | ||
| 100 | 1 |
_93420 _aGarcía Avilés, José Alberto |
|
| 245 | 1 | 0 |
_aPeriodismo de calidad _b: estándares informativos en la CBS, NBC y ABC _cJosé Alberto García Avilés |
| 260 |
_aPamplona _bEdiciones Universidad de Navarra _cDL 1996 |
||
| 300 | _a287 p. | ||
| 490 | 0 | _aCiencias de la información | |
| 610 | 2 |
_92597 _aCBS News |
|
| 610 | 2 |
_93421 _aNBC News |
|
| 610 | 2 |
_93422 _aABC News |
|
| 650 | 0 | 4 |
_93219 _aPeriodisme _xObjectivitat |
| 650 | 0 | 4 |
_93267 _aMitjans de comunicació de massa _zEstats Units |
| 942 |
_2udc _cMON |
||
| 999 |
_c6236 _d6236 |
||